00698cam a2200229 4500001000500000005001700005020001800022040002300040050001300063082001100076100001900087245001700106260004000123300004800163490002400211505000800235520011800243521002300361521002000384650002500404655003900429439220240902091956.0 a9780395253786 aDLCcDLCdDLCbeng00aPZ7.W11300a823.911 aWaber, Bernard10aLovable Lyle aBoston :bHoughton Mifflin ,c1969  a48 pages : bcolor illustrations ; c28 cm. a Lyle the Crocodile aR  aLyle, the crocodile, thought everyone loved him until the day he received a hate note from an anonymous despiser. a710 bLexile AD  aR bRaz-Plus  1aCrocodilesxFiction. 7aJuvenile literaturey1969.2rbgenr